| 000 | 01123nam a2200277Ia 4500 | ||
|---|---|---|---|
| 003 | OSt | ||
| 005 | 20221005103606.0 | ||
| 006 | a|||||r|||| 00| 0 | ||
| 007 | ta | ||
| 008 | 221004b |||||||| |||| 00| 0 san d | ||
| 020 |
_a8186103023 (hbk) _c400 |
||
| 024 | _a8986 | ||
| 037 |
_b327, 06/02/2014, Eastern Book Linkers _cTextual |
||
| 040 |
_aCRL _cCRL _bsan |
||
| 041 |
_2san _asan |
||
| 082 | _aO15v, 152N9;P4.2 | ||
| 100 | _aगोयल, प्रीति प्रभा | ||
| 245 | 0 |
_aसंस्कृत साहित्य का इतिहास _b लौकिक खण्ड |
|
| 246 | _aSanskṛut sāhitya kā itihāsa: laukik khaṇḍa | ||
| 260 |
_aजोधपुर _bराजस्थानी ग्रन्थागार भारत _c2006 |
||
| 300 |
_a390पृ0 _ccm. |
||
| 490 | _aथ्ल्न्च् क्ब्.1 ै।छ | ||
| 650 | _aसंस्कृत साहित्य | ||
| 942 |
_hO15v, 152N9;P4.2 _cTEXL _2cc |
||
| 999 |
_c1010373 _d1010373 |
||